|
|
|
|
| LEADER |
00000nab a2200000 a 4500 |
| 001 |
vtls000700392 |
| 003 |
SK-MaSNL |
| 005 |
20260302195158.0 |
| 008 |
180205c1999 xo 0 slo |
| 015 |
|
|
|a SNBRB1999/09-21355
|
| 035 |
|
|
|a CLN000052559
|
| 040 |
|
|
|a SNKBUCL
|b slo
|c SNKBUCL
|e AACR2
|
| 041 |
0 |
|
|a slo
|
| 044 |
|
|
|a xo
|c SK
|
| 080 |
|
|
|a 69(437.6)
|2 UDC-MRF-SK2
|
| 080 |
|
|
|a 725.87
|2 UDC-MRF-SK2
|
| 245 |
0 |
0 |
|a Moderná plaváreň pre Trenčín
|
| 300 |
|
|
|b Fotogr.
|
| 650 |
0 |
7 |
|a plavárne
|2 snkbucl
|9 22078
|
| 655 |
|
7 |
|a články z novín a časopisov
|2 snkbucl
|9 267496
|
| 773 |
0 |
|
|x 1335-1818
|t Slovenské stavebníctvo
|g Roč. 4, č. 8 (1999), s. 21
|
| 850 |
|
|
|a Slovenská národná knižnica v Martine
|
| 852 |
|
|
|a SNK
|b KIS3GCP
|
| 958 |
|
|
|a RBX
|
| 999 |
|
|
|c 1451613
|d 1453543
|